<?xml version="1.0" encoding="UTF-8"?>
<record
    xmlns:xsi="http://www.w3.org/2001/XMLSchema-instance"
    xsi:schemaLocation="http://www.loc.gov/MARC21/slim http://www.loc.gov/standards/marcxml/schema/MARC21slim.xsd"
    xmlns="http://www.loc.gov/MARC21/slim">

  <leader>01705nam0a22003011  4500</leader>
  <controlfield tag="001">v19\rc\1622987</controlfield>
  <controlfield tag="005">20260406185721.0</controlfield>
  <datafield tag="035" ind1=" " ind2=" ">
    <subfield code="a">(NLR Aleph) 004740153</subfield>
  </datafield>
  <datafield tag="090" ind1=" " ind2=" ">
    <subfield code="a">4489178</subfield>
    <subfield code="c">4489178</subfield>
  </datafield>
  <datafield tag="100" ind1=" " ind2=" ">
    <subfield code="a">20251228              rusy50        </subfield>
  </datafield>
  <datafield tag="101" ind1="0" ind2=" ">
    <subfield code="a">rus</subfield>
  </datafield>
  <datafield tag="102" ind1=" " ind2=" ">
    <subfield code="a">RU</subfield>
  </datafield>
  <datafield tag="105" ind1=" " ind2=" ">
    <subfield code="a">y   c   |||||</subfield>
  </datafield>
  <datafield tag="200" ind1="1" ind2=" ">
    <subfield code="a">&#x421;&#x438;&#x441;&#x442;&#x435;&#x43C;&#x430;&#x442;&#x438;&#x447;&#x435;&#x441;&#x43A;&#x438;&#x439; &#x443;&#x43A;&#x430;&#x437;&#x430;&#x442;&#x435;&#x43B;&#x44C; &#x43A; &#x423;&#x43D;&#x438;&#x432;&#x435;&#x440;&#x441;&#x438;&#x442;&#x435;&#x442;&#x441;&#x43A;&#x438;&#x43C; &#x438;&#x437;&#x432;&#x435;&#x441;&#x442;&#x438;&#x44F;&#x43C; &#x437;&#x430; 1884-96 &#x433;&#x433;.</subfield>
    <subfield code="f">[&#x421;&#x43E;&#x441;&#x442;. &#x418;.&#x41F;. &#x41A;&#x43E;&#x437;&#x43B;&#x43E;&#x432;&#x441;&#x43A;&#x438;&#x43C;</subfield>
    <subfield code="g">&#x41F;&#x43E;&#x434; &#x440;&#x435;&#x434;. &#x412;.&#x421;. &#x418;&#x43A;&#x43E;&#x43D;&#x43D;&#x438;&#x43A;&#x43E;&#x432;&#x430;]</subfield>
  </datafield>
  <datafield tag="210" ind1=" " ind2=" ">
    <subfield code="a">&#x41A;&#x438;&#x435;&#x432;</subfield>
    <subfield code="c">&#x442;&#x438;&#x43F;. &#x438;&#x43C;&#x43F;. &#x423;&#x43D;-&#x442;&#x430; &#x441;&#x432;. &#x412;&#x43B;&#x430;&#x434;&#x438;&#x43C;&#x438;&#x440;&#x430;. &#x41D;.&#x422;. &#x41A;&#x43E;&#x440;&#x447;&#x430;&#x43A;-&#x41D;&#x43E;&#x432;&#x438;&#x446;&#x43A;&#x43E;&#x433;&#x43E;</subfield>
    <subfield code="d">1898</subfield>
  </datafield>
  <datafield tag="215" ind1=" " ind2=" ">
    <subfield code="a">[2], 62 &#x441;.</subfield>
    <subfield code="d">25</subfield>
  </datafield>
  <datafield tag="311" ind1=" " ind2=" ">
    <subfield code="a">&#x41E;&#x442;&#x442;. &#x438;&#x437; &#x423;&#x43D;&#x438;&#x432;&#x435;&#x440;&#x441;&#x438;&#x442;&#x435;&#x442;&#x441;&#x43A;&#x438;&#x445; &#x438;&#x437;&#x432;&#x435;&#x441;&#x442;&#x438;&#x439; &#x437;&#x430; 1898 &#x433;.</subfield>
  </datafield>
  <datafield tag="488" ind1=" " ind2="0">
    <subfield code="1">2001#$a&#x423;&#x43D;&#x438;&#x432;&#x435;&#x440;&#x441;&#x438;&#x442;&#x435;&#x442;&#x441;&#x43A;&#x438;&#x435; &#x438;&#x437;&#x432;&#x435;&#x441;&#x442;&#x438;&#x44F;$v1898</subfield>
    <subfield code="t">&#x423;&#x43D;&#x438;&#x432;&#x435;&#x440;&#x441;&#x438;&#x442;&#x435;&#x442;&#x441;&#x43A;&#x438;&#x435; &#x438;&#x437;&#x432;&#x435;&#x441;&#x442;&#x438;&#x44F;</subfield>
  </datafield>
  <datafield tag="532" ind1="1" ind2="1">
    <subfield code="a">&#x421;&#x438;&#x441;&#x442;&#x435;&#x43C;&#x430;&#x442;&#x438;&#x447;&#x435;&#x441;&#x43A;&#x438;&#x439; &#x443;&#x43A;&#x430;&#x437;&#x430;&#x442;&#x435;&#x43B;&#x44C; &#x43A; &#x423;&#x43D;&#x438;&#x432;&#x435;&#x440;&#x441;&#x438;&#x442;&#x435;&#x442;&#x441;&#x43A;&#x438;&#x43C; &#x438;&#x437;&#x432;&#x435;&#x441;&#x442;&#x438;&#x44F;&#x43C; &#x437;&#x430; &#x442;&#x44B;&#x441;&#x44F;&#x447;&#x430; &#x432;&#x43E;&#x441;&#x435;&#x43C;&#x44C;&#x441;&#x43E;&#x442; &#x432;&#x43E;&#x441;&#x435;&#x43C;&#x44C;&#x434;&#x435;&#x441;&#x44F;&#x442; &#x447;&#x435;&#x442;&#x432;&#x435;&#x440;&#x442;&#x44B;&#x439; - &#x434;&#x435;&#x432;&#x44F;&#x43D;&#x43E;&#x441;&#x442;&#x43E; &#x448;&#x435;&#x441;&#x442;&#x43E;&#x439; &#x433;&#x433;.</subfield>
  </datafield>
  <datafield tag="702" ind1=" " ind2="1">
    <subfield code="4">220</subfield>
    <subfield code="7">ca</subfield>
    <subfield code="8">rus</subfield>
    <subfield code="a">&#x41A;&#x43E;&#x437;&#x43B;&#x43E;&#x432;&#x441;&#x43A;&#x438;&#x439;</subfield>
    <subfield code="b">&#x418;. &#x41F;.</subfield>
    <subfield code="f">1870-1943</subfield>
    <subfield code="g">&#x418;&#x432;&#x430;&#x43D; &#x41F;&#x430;&#x432;&#x43B;&#x43E;&#x432;&#x438;&#x447;</subfield>
    <subfield code="3">RU\NLR\AUTH\770288028</subfield>
    <subfield code="9">2690947</subfield>
  </datafield>
  <datafield tag="702" ind1=" " ind2="1">
    <subfield code="4">340</subfield>
    <subfield code="8">rus</subfield>
    <subfield code="7">ca</subfield>
    <subfield code="a">&#x418;&#x43A;&#x43E;&#x43D;&#x43D;&#x438;&#x43A;&#x43E;&#x432;</subfield>
    <subfield code="b">&#x412;. &#x421;.</subfield>
    <subfield code="f">1841-1923</subfield>
    <subfield code="g">&#x412;&#x43B;&#x430;&#x434;&#x438;&#x43C;&#x438;&#x440; &#x421;&#x442;&#x435;&#x43F;&#x430;&#x43D;&#x43E;&#x432;&#x438;&#x447;</subfield>
    <subfield code="3">RU\NLR\AUTH\7756254</subfield>
    <subfield code="9">39186</subfield>
  </datafield>
  <datafield tag="710" ind1="0" ind2="2">
    <subfield code="a">&#x423;&#x43D;&#x438;&#x432;&#x435;&#x440;&#x441;&#x438;&#x442;&#x435;&#x442; &#x441;&#x432;. &#x412;&#x43B;&#x430;&#x434;&#x438;&#x43C;&#x438;&#x440;&#x430;</subfield>
    <subfield code="c">&#x41A;&#x438;&#x435;&#x432;</subfield>
    <subfield code="b">"&#x418;&#x437;&#x432;&#x435;&#x441;&#x442;&#x438;&#x44F;...", &#x436;&#x443;&#x440;&#x43D;&#x430;&#x43B;</subfield>
    <subfield code="b">&#x423;&#x43A;&#x430;&#x437;&#x430;&#x442;&#x435;&#x43B;&#x438;</subfield>
    <subfield code="3">RU\NLR\AUTH\889951432</subfield>
    <subfield code="9">398825</subfield>
  </datafield>
  <datafield tag="801" ind1=" " ind2="0">
    <subfield code="a">RU</subfield>
    <subfield code="b">NLR</subfield>
    <subfield code="g">psbo</subfield>
  </datafield>
  <datafield tag="801" ind1=" " ind2="1">
    <subfield code="a">RU</subfield>
    <subfield code="b">ProSoft-M</subfield>
    <subfield code="2">rusmarc</subfield>
  </datafield>
  <datafield tag="852" ind1=" " ind2=" ">
    <subfield code="a">NLR</subfield>
    <subfield code="j">741&#x423;&#x43D;/1(5)</subfield>
  </datafield>
  <datafield tag="942" ind1=" " ind2=" ">
    <subfield code="c">BOOK</subfield>
  </datafield>
  <datafield tag="980" ind1=" " ind2=" ">
    <subfield code="a">NB</subfield>
  </datafield>
  <datafield tag="995" ind1=" " ind2=" ">
    <subfield code="5">2013-10-26</subfield>
    <subfield code="b">NLR01</subfield>
    <subfield code="c">NLR01</subfield>
    <subfield code="e">TEMP</subfield>
    <subfield code="f">4740153-10</subfield>
    <subfield code="k">741&#x423;&#x43D;/1(5)</subfield>
    <subfield code="o">0</subfield>
    <subfield code="r">BOOK</subfield>
    <subfield code="s">74115_</subfield>
  </datafield>
</record>
